Literárny historik Jaroslav Vlček a utváranie modernej slovenskej literárnej historiografie

Bibliographic Details
Main Author: Vojtech, Miloslav, 1973- (Author)
Format: Article
Language:Slovak

MARC

LEADER 00000nab a2200000 a 4500
001 vtls011102497
003 SK-MaSNL
005 20260303150052.0
008 230222|2010 xo |||||||||||||||||slo|
015 |a SNBRB 
035 |a (uuid)c4cc2776-3efa-41a1-b2b0-f0e01a12de8c 
035 |a (urnnbn)urn:nbn:sk:snk:ar-007cby 
035 |a urn:nbn:sk:snk-ab98rj 
040 |a SNKBUCL  |b slo  |c SNKBUCL  |e AACR2 
041 0 |a slo 
044 |a xo  |c SK 
100 1 |a Vojtech, Miloslav,  |d 1973-  |4 aut  |9 201588 
245 1 0 |a Literárny historik Jaroslav Vlček a utváranie modernej slovenskej literárnej historiografie  |c Miloslav Vojtech 
773 0 |t Studia Academica Slovaca : prednášky ... letnej školy slovenského jazyka a kultúry  |g Roč. 39, č. 39 (2010), s. 247-257 
954 |a odborná, vedecká literatúra pôvodná (slovenská)  |2 lita 
958 |a OND 
958 |a EUIPO 
958 |a article13 
999 |c 2007479  |d 2009409